Las palabras callan

Gardado en:
Detalles Bibliográficos
Autor Principal: Polanco Salinas, Jorge (Author)
Formato: Libro
Idioma:Lingua castelá
Publicado: Viña del Mar Altazor 2005
Edición:1a. ed
Subjects:
Tags: Engadir etiqueta
Sen Etiquetas, Sexa o primeiro en etiquetar este rexistro!

MARC

LEADER 00000cam a2200000 a 4500
001 UCF2591
003 CL-VaPUC
008 120830e20050500CL |||||||||||||||||spa|d
020 |a 9567472327 
082 0 4 |a Ch861  |b POL  |2 21 
100 0 |a Polanco Salinas, Jorge  |e author  |9 564294 
245 1 4 |a Las palabras callan 
250 |a 1a. ed 
300 |a 67 p 
942 |c BK 
945 |d 20120830 00:00:00  |a dcastane 
260 |a Viña del Mar  |b Altazor  |c 2005 
650 0 |a Poesías chilenas   |9 265280 
650 0 |a Literatura chilena   |9 308278 
583 |a last modification  |c 20120830 10:25:00  |k Rodrigo Vera 
999 |c 349133  |d 349131 
952 |0 0  |1 0  |4 0  |6 CH_861_000000000000000_POL_2005  |7 0  |8 A  |9 451592  |a BIBEDU  |b BIBEDU  |d 2019-11-22  |i 4896688  |l 1  |m 1  |o Ch861 POL 2005  |p 4896688  |r 2023-09-21  |s 2023-09-07  |w 2019-11-22  |y BK  |k LIT